000 01040nam a22001937a 4500
999 _c61564
_d61564
005 20240325153827.0
008 240325c2017 ge ||||| |||| 00| 0 geo d
022 _a1987-6351
041 _ageo
245 _aძველი ხელოვნება დღეს :
_b2017
_cრედ. ნ. ანთიძე; საქართველოს კულტურული მემკვიდრეობის დაცვის ეროვნული სააგენტო.
260 _aთბილისი,
_c 2017.
300 _aV.
653 _aქართულ- გერმანული კულტურული ურთიერთობა
653 _aპერიოდიკა
653 _aისტორია
700 _aანთიზე, ნ.
_eრედაქტორი
_921571
710 _aსაქართველოს კულტურული მემკვიდრეობის დაცვის ეროვნული სააგენტო.
_921572
942 _2udc
_cCR